| 000 | 01504nam a2200337 c 4500 | ||
|---|---|---|---|
| 999 |
_c341725 _d341725 |
||
| 003 | BLK | ||
| 005 | 20240623004114.0 | ||
| 008 | 180911b bul|||||r ||||||| ||bul|| | ||
| 010 | _a001355 | ||
| 040 | _aBLK | ||
| 041 |
_aBUL _cBUL |
||
| 080 |
_aСлавейков, Петко Р. _x92 _z886.7.09886.7(092)92 |
||
| 100 | 1 |
_aКонстантинов, Георги _9390035 |
|
| 245 | 0 | 0 |
_aПетко Рачов Славейков _bРазказ за него и неговото време |
| 260 |
_aСофия _bНац. съвет на ОФ _c1967 |
||
| 300 |
_a327 с _c20 см |
||
| 380 | _a82 | ||
| 490 |
_aБиблиотека Бележити българи _9204456 _vКн. 2 |
||
| 490 |
_aЧастна колекция - Академик Михаил Арнаудов _gДарение - Основен фонд |
||
| 500 | _aАвтограф с текст: На моя бележит учител Проф. М. Арнаудов с неизменни чувства на обич и възхита... Г. Константинов 23 юли 1967 Костенец | ||
| 650 |
_aПисатели _9166332 |
||
| 650 |
_aБиографии _9148657 |
||
| 650 |
_aКритика _9159735 |
||
| 650 | 0 |
_aПисатели, български _9241944 |
|
| 655 |
_aбългарско литературознание _9396216 |
||
| 852 |
_aМА 545 _bМА |
||
| 942 |
_cKNG _n0 _s1 |
||
| 944 |
_aCR _c1995 _k _lCRON CRON |
||
| 999 | _d341725 | ||
| 999 | _d341725 | ||